PLK - Statistiques

Statistiques générales
  • Ce quiz a été pris 1 193 fois
  • Le résultat moyen est 8 sur 15
Statistiques - réponses
Paroles Titres % Correct
Je plonge dans l'ul-c d'une Bolivienne, j'la fais chanter comme The Weeknd Emotif
91%
Si demain tu pars, je sais pas c'que j'vais faire (oh, oh) J't'enverrai des cartes du haut d'la Tour Eiffel Mamie
74%
Une équipe solide, j'avais pas l'permis mais j'avais ma caisse (eh, eh) Un peu de haine
71%
Ma sœur me dit qu'j'suis grossier mais que j'fais aussi des gros sons Pilote
69%
Alors, j't'annonce la couleur, tu vas pas m'faire de l'çon, moi, j'suis un grand garçon Problèmes
67%
Donc amenez moi les ronds, que les disques tombent Qu'ils soient platine ou diamantés Polak
65%
C'est le P, c'est le L, c'est le K, c'est le woof Pas les mêmes
52%
Elle est fan de moi depuis le lycée, tous mes vieux sons elle avait d'jà pisté Une groupie kiffe sur moi, avait misé, elle a toujours rêvé d'moi, j'la fais trop kiffer Dis-moi oui
51%
Reconnaît un vrai de vrai à la gueule d'ses ennemis 250
42%
On négocie pas le tarot, neuf milli' te laissera sur l'carreau Hier
42%
Si j'taille, normal, faut pas pleurer Je viens, je pars, s'revoit jamais Bunkoeur
41%
En 307 j'avais la côte, alors imagine en Féfé J'fume la beuh de Cali, qui vaut le même prix qu'de la cé-cé Les comptes
39%
Quand tout allait mal et que tout était grillé Ils étaient pas là, ces enculés d'envieux, huh Terrible
25%
Ici, pas d'timinik sinon j'te dirais "bye bye" demande à Menelik Calme
24%
On m'a toujours dit de mettre les pieds dans l'plat, sache que j'peux rigoler mais je n'plaisante pas Tu te tais quand j'parle, je ne plaisante pas, tu dis qu'ça t'touche pas, gros, mais t'en parles Waow
23%
Aucun quiz correspondant
Distribution des résultats
% des personnes avec chaque résultat
Percentile par nombre de réponses
Votre historique - résultats
Vous n’avez pas pris ce quiz